INVITACION A LA PSICOLOGIA MODERNA/

TRADUCCION DE: AN INVITATION TO MODERN PSYCHOLOGY

Guardat en:
Dades bibliogràfiques
Autor principal: Gallup, Howard F. (autor)
Format: Llibre
Matèries:
Etiquetes: Afegir etiqueta
Sense etiquetes, Sigues el primer a etiquetar aquest registre!

MARC

LEADER 00000nam^a2200000^a^4500
001 000226354
005 20250521000000.0
009 20260310104203.15
035 |a 045130 
037 |a Acervo Xavier Clavigero 
082 |a 150.  |b GAL 
100 |a Gallup, Howard F.  |e (autor) 
245 1 0 |a INVITACION A LA PSICOLOGIA MODERNA/  |c HOWARD F. GALLUP; TR. EDUARDO GOLIGORSKY 
264 |a MEXICO :  |b CENTRO REGIONAL DE AYUDA TECNICA,  |c 1971 
300 |a 285p. 
336 |a texto  |b txt  |2 rdacontenido 
337 |a sin mediación  |b n  |2 rdamedio 
338 |a volumen  |b nc  |2 rdasoporte 
520 |a TRADUCCION DE: AN INVITATION TO MODERN PSYCHOLOGY 
520 |a INCLUYE BIBLIOGRAFIA 
649 |a XX 
650 |a PSICOLOGIA 
910 |a Fondo General 
920 |a Impresos - Libros 
930 |a Colección General 
905 |a 101 
901 |a 045130  |b IT1  |c ACC  |i 045130  |u 20250521 
902 |a https://opac.biblio.iteso.mx/vufind/Record/000226354